The young player's guide to cricket
| Main Authors: | , |
|---|---|
| Format: | Book |
| Published: |
London
David & Charles
1980
|
| Subjects: |
MARC
| LEADER | 00000cam a2200000 7i4500 | ||
|---|---|---|---|
| 001 | 0000007947 | ||
| 008 | 021119s1980 | ||
| 020 | |a 0715379917 | ||
| 090 | 0 | 0 | |a GV917 |b .R36 |
| 100 | 0 | |a Randall, Derek |e author | |
| 245 | 1 | 4 | |a The young player's guide to cricket |c Derek Randall with Terry Bowles |
| 260 | 2 | |a London |b David & Charles |c 1980 | |
| 300 | |a 112 p. |c 22 cm | ||
| 650 | 0 | |a Cricket | |
| 700 | 1 | |a Bowles, Terry |e author | |
| 999 | |a 1000009840 |b Book |c OPEN SHELF (30 DAYS) |e Gong Badak Campus | ||